[Event "GER-ch U25-B"]
[Site "Willingen"]
[Date "2023.06.03"]
[Round "9"]
[White "Clauss, Annika"]
[Black "Yang, Markus"]
[Result "0-1"]
[WhiteElo "1466"]
[BlackElo "1518"]
[PlyCount "110"]
[EventDate "2023.05.27"]
[EventType "swiss"]
[EventRounds "9"]
[EventCountry "GER"]
[SourceTitle "CBM 214 Extra"]
[Source "ChessBase"]
[SourceDate "2023.07.31"]
[SourceVersion "1"]
[SourceVersionDate "2023.07.31"]
[SourceQuality "1"]

1. d4 e6 2. Nc3 Bb4 3. Bf4 Nf6 4. e3 0-0 5. Be2 c5 6. a3 Bxc3+ 7. bxc3 d6 8. Nf3 Nd5 9. Qd3 Nxf4 10. exf4 Nc6 11. 0-0 b6 12. h4 h6 13. Rad1 Bb7 14. d5 exd5 15. Qxd5 Qe7 16. Bb5 Nd4 17. Qc4 Nxf3+ 18. gxf3 Bxf3 19. Rd3 Be2 20. Re1 Bxd3 21. Rxe7 Bxc4 22. Bxc4 a6 23. a4 Rae8 24. Bxf7+ Rxf7 25. Rxe8+ Kh7 26. Ra8 Rxf4 27. Rxa6 Rxh4 28. Rxb6 Rxa4 29. Rxd6 Rc4 30. Rd3 h5 31. Kg2 h4 32. Kh3 g5 33. f3 Kg6 34. Re3 Kf5 35. Kg2 Kf4 36. Rd3 Ra4 37. Rd5 Ra2 38. Rxc5 Rxc2+ 39. Kh3 Rf2 40. Rc4+ Kxf3 41. Rg4 Rh2+ 42. Kxh2 Kxg4 43. c4 Kf5 44. Kh3 Ke5 45. Kg4 Kd4 46. Kh3 Kxc4 47. Kg4 Kd4 48. Kh3 Ke4 49. Kg4 Ke3 50. Kh3 Kf3 51. Kh2 g4 52. Kg1 g3 53. Kh1 h3 54. Kg1 g2 55. Kh2 Kf2 0-1

[Event "GER-ch U25-B"]
[Site "Willingen"]
[Date "2023.06.01"]
[Round "7"]
[White "Golke, Philipp"]
[Black "Yang, Markus"]
[Result "0-1"]
[WhiteElo "1374"]
[BlackElo "1518"]
[PlyCount "50"]
[EventDate "2023.05.27"]
[EventType "swiss"]
[EventRounds "9"]
[EventCountry "GER"]
[SourceTitle "CBM 214 Extra"]
[Source "ChessBase"]
[SourceDate "2023.07.31"]
[SourceVersion "1"]
[SourceVersionDate "2023.07.31"]
[SourceQuality "1"]

1. e4 e6 2. d4 d5 3. exd5 exd5 4. Bd3 Bd6 5. Nf3 h6 6. Nbd2 Ne7 7. c3 Bf5 8. Qc2 Bxd3 9. Qxd3 Nd7 10. 0-0 0-0 11. c4 c6 12. c5 Bc7 13. Re1 Ng6 14. Nf1 Nf6 15. g3 Qd7 16. Kg2 Qg4 17. h3 Qd7 18. Be3 Ba5 19. Reb1 Bc7 20. b4 Nh5 21. Qd2 f5 22. Qd3 Qf7 23. Qe2 f4 24. g4 fxe3 25. gxh5 Nf4+ 0-1

[Event "GER-ch U25-B"]
[Site "Willingen"]
[Date "2023.05.28"]
[Round "1"]
[White "Pac, Maksym"]
[Black "Yang, Markus"]
[Result "1-0"]
[WhiteElo "1249"]
[BlackElo "1518"]
[PlyCount "81"]
[EventDate "2023.05.27"]
[EventType "swiss"]
[EventRounds "9"]
[EventCountry "GER"]
[SourceTitle "CBM 214 Extra"]
[Source "ChessBase"]
[SourceDate "2023.07.31"]
[SourceVersion "1"]
[SourceVersionDate "2023.07.31"]
[SourceQuality "1"]

1. d4 e6 2. Nc3 Nf6 3. Bf4 Bb4 4. Qd3 Nc6 5. a3 Bxc3+ 6. bxc3 b6 7. e4 d6 8. Qf3 Bb7 9. Bd3 Qe7 10. Ne2 e5 11. Be3 0-0 12. d5 Nd8 13. Qg3 Qd7 14. h3 Nxe4 15. Bxe4 f5 16. Bf3 f4 17. Nxf4 exf4 18. Bxf4 Qf7 19. Bh6 Kh8 20. Bh5 Qf6 21. Bg5 Qf5 22. c4 Qe4+ 23. Be2 Nf7 24. Be3 Ne5 25. Rc1 Nxc4 26. Bd3 Qxd5 27. Qh4 Qa5+ 28. c3 h5 29. Bxc4 Bxg2 30. Rg1 Bf3 31. Rg5 Rf5 32. Be2 Bxe2 33. Kxe2 Qb5+ 34. c4 Qb2+ 35. Ke1 Rxg5 36. Qxg5 Qxa3 37. Qxh5+ Kg8 38. Qd5+ Kh7 39. Qxa8 Qa5+ 40. Kf1 Qf5 41. Qg2 1-0

[Event "GER-ch U25-B"]
[Site "Willingen"]
[Date "2023.05.28"]
[Round "2"]
[White "Yang, Markus"]
[Black "Jansen, Malte"]
[Result "0-1"]
[WhiteElo "1518"]
[BlackElo "1503"]
[PlyCount "60"]
[EventDate "2023.05.27"]
[EventType "swiss"]
[EventRounds "9"]
[EventCountry "GER"]
[SourceTitle "CBM 214 Extra"]
[Source "ChessBase"]
[SourceDate "2023.07.31"]
[SourceVersion "1"]
[SourceVersionDate "2023.07.31"]
[SourceQuality "1"]

1. e4 e5 2. Nf3 Nc6 3. d4 exd4 4. Nxd4 Bc5 5. Be3 Qf6 6. c3 d6 7. Bc4 Bd7 8. 0-0 0-0-0 9. b4 Bxd4 10. Bxd4 Qg6 11. f3 Nge7 12. a4 f5 13. a5 fxe4 14. b5 exf3 15. Qxf3 Rhf8 16. Qxf8 Rxf8 17. Rxf8+ Nd8 18. b6 Bc6 19. Bf1 cxb6 20. axb6 a6 21. Nd2 Kd7 22. g3 Ne6 23. Bh3 Qh6 24. Bxe6+ Qxe6 25. Nf3 Ng6 26. Ng5 Qd5 27. Rf7+ Kd8 28. Kf2 Qxg5 29. Re1 Qd5 30. Rxg7 Qf3+ 0-1

[Event "Hannover Bezirks-ch B"]
[Site "Lehrte"]
[Date "2019.10.05"]
[Round "6.8"]
[White "Yang, Markus"]
[Black "Daehn, Patrick"]
[Result "1/2-1/2"]
[WhiteElo "1647"]
[BlackElo "1533"]
[PlyCount "40"]
[EventDate "2019.10.03"]
[EventType "swiss"]
[EventRounds "7"]
[EventCountry "GER"]
[SourceTitle "EXT 2023"]
[Source "ChessBase"]
[SourceDate "2022.10.05"]
[SourceVersion "1"]
[SourceVersionDate "2022.10.05"]
[SourceQuality "1"]

1. e4 e5 2. Nf3 Nc6 3. d4 exd4 4. Nxd4 Qh4 5. Nc3 Bb4 6. Nxc6 Qxe4+ 7. Qe2 Qxe2+ 8. Bxe2 dxc6 9. Bd2 Bf5 10. a3 Bc5 11. 0-0-0 0-0-0 12. f3 Ne7 13. Bc4 Nd5 14. Rhe1 Nxc3 15. Bxc3 f6 16. Re2 Rxd1+ 17. Kxd1 Rd8+ 18. Kc1 b5 19. Bb3 Bd6 20. g3 Kb7 1/2-1/2

[Event "Hannover Bezirks-ch B"]
[Site "Lehrte"]
[Date "2019.10.04"]
[Round "4.6"]
[White "Yang, Markus"]
[Black "Juerke, Uwe"]
[Result "0-1"]
[WhiteElo "1647"]
[BlackElo "1748"]
[PlyCount "70"]
[EventDate "2019.10.03"]
[EventType "swiss"]
[EventRounds "7"]
[EventCountry "GER"]
[SourceTitle "EXT 2023"]
[Source "ChessBase"]
[SourceDate "2022.10.05"]
[SourceVersion "1"]
[SourceVersionDate "2022.10.05"]
[SourceQuality "1"]

1. e4 d6 2. d4 Nf6 3. Nc3 g6 4. Be3 a6 5. Nf3 b5 6. Bd3 Bb7 7. a3 Bg7 8. Qd2 Ng4 9. Bg5 h6 10. Bf4 e5 11. dxe5 Nxe5 12. Nxe5 dxe5 13. Be3 Nd7 14. f3 c5 15. b3 0-0 16. Bxh6 Qh4+ 17. Ke2 Bxh6 18. Qd1 Qg5 19. Kf2 Qd2+ 20. Qxd2 Bxd2 21. Ne2 Bh6 22. g4 Nb6 23. Rab1 Rfd8 24. a4 Bc6 25. axb5 Bxb5 26. Bxb5 axb5 27. h4 Rd2 28. g5 Bg7 29. c3 Raa2 30. Rhe1 f6 31. Ke3 fxg5 32. hxg5 c4 33. f4 Rd3+ 34. Kf2 exf4 35. Kg1 f3 0-1

[Event "Hannover Bezirk-ch B"]
[Site "Hannover"]
[Date "2018.10.06"]
[Round "6.4"]
[White "Frese, Immo"]
[Black "Yang, Markus"]
[Result "1/2-1/2"]
[WhiteElo "1766"]
[BlackElo "1445"]
[PlyCount "93"]
[EventDate "2018.10.04"]
[EventType "swiss"]
[EventRounds "7"]
[EventCountry "GER"]
[SourceTitle "EXT 2022"]
[Source "ChessBase"]
[SourceDate "2021.10.06"]
[SourceVersion "1"]
[SourceVersionDate "2021.10.06"]
[SourceQuality "1"]

1. d4 e6 2. c4 Nf6 3. Nf3 c5 4. Nc3 b6 5. g3 Bb7 6. Bg2 cxd4 7. Qxd4 Bc5 8. Qd2 0-0 9. 0-0 Nc6 10. b3 Qe7 11. a3 d5 12. b4 Bd6 13. cxd5 Nxd5 14. Nxd5 exd5 15. Bb2 Ne5 16. Nxe5 Bxe5 17. Bxe5 Qxe5 18. Rfd1 Rfe8 19. e3 Rad8 20. Qd4 f6 21. a4 Re7 22. a5 b5 23. Qxa7 Rc7 24. Rac1 Rdc8 25. Rxc7 Rxc7 26. Qb6 Kf8 27. Qxb5 Bc6 28. Qc5+ Ke8 29. Bxd5 Ba4 30. Qd4 Bxd1 31. Qxd1 Qc3 32. Qa4+ Kd8 33. b5 Qe1+ 34. Kg2 Rc1 35. Kh3 Qxf2 36. Qd4 Qf5+ 37. g4 Qe5 38. Qxe5 fxe5 39. e4 Kc7 40. Kg3 Ra1 41. a6 Kb6 42. Bc6 g5 43. h3 Ra3+ 44. Kg2 Rc3 45. Be8 Rc8 46. Bd7 Rd8 47. Bc6 1/2-1/2

[Event "Hannover Bezirk-ch B"]
[Site "Hannover"]
[Date "2018.10.05"]
[Round "4.1"]
[White "Reinecke, Juergen"]
[Black "Yang, Markus"]
[Result "1-0"]
[WhiteElo "1788"]
[BlackElo "1445"]
[PlyCount "113"]
[EventDate "2018.10.04"]
[EventType "swiss"]
[EventRounds "7"]
[EventCountry "GER"]
[SourceTitle "EXT 2022"]
[Source "ChessBase"]
[SourceDate "2021.10.06"]
[SourceVersion "1"]
[SourceVersionDate "2021.10.06"]
[SourceQuality "1"]

1. e4 e6 2. d4 d5 3. e5 c5 4. c3 Qb6 5. Bd3 Bd7 6. Ne2 Nc6 7. Bc2 cxd4 8. cxd4 Bb4+ 9. Nbc3 f6 10. f4 g5 11. fxg5 fxe5 12. a3 exd4 13. axb4 dxc3 14. bxc3 Nge7 15. Qd3 e5 16. Be3 d4 17. Bf2 Bf5 18. Qd2 dxc3 19. Qxc3 Qxb4 20. Qxb4 Nxb4 21. Bxf5 Nxf5 22. Rxa7 Rxa7 23. Bxa7 Rg8 24. h4 Kf7 25. 0-0 Ke6 26. g3 Ra8 27. Rb1 Nc6 28. Bf2 Rb8 29. Nc3 Ncd4 30. Rb6+ Nc6 31. Ne4 Kf7 32. g4 Nfd4 33. Nc5 Ke7 34. Rxb7+ Rxb7 35. Nxb7 e4 36. Kg2 Ke6 37. Nc5+ Kd5 38. Nd7 Ne5 39. Nf6+ Kc4 40. Nxe4 Nxg4 41. Bxd4 Kxd4 42. Nf6 Ne3+ 43. Kf3 Nf5 44. Kg4 Ke5 45. Nxh7 Ng7 46. g6 Ke6 47. h5 Ke7 48. h6 Ne6 49. Kf5 Nd4+ 50. Ke4 Ne6 51. Ke5 Nd8 52. g7 Nf7+ 53. Kf5 Nxh6+ 54. Kg6 Ng8 55. Ng5 Nf6 56. Ne4 Ng8 57. Kh7 1-0

[Event "Niedersachsen-ch op B"]
[Site "Verden"]
[Date "2018.01.05"]
[Round "3"]
[White "Ter Stal, Lars"]
[Black "Yang, Markus"]
[Result "1-0"]
[WhiteElo "1621"]
[BlackElo "1454"]
[PlyCount "83"]
[EventDate "2018.01.04"]
[EventType "swiss"]
[EventRounds "7"]
[EventCountry "GER"]
[SourceTitle "EXT 2022"]
[Source "ChessBase"]
[SourceDate "2021.10.06"]
[SourceVersion "1"]
[SourceVersionDate "2021.10.06"]
[SourceQuality "1"]

1. e4 e6 2. d4 d5 3. e5 c5 4. c3 Qb6 5. Nf3 Nc6 6. a3 a5 7. Bd3 Bd7 8. Bc2 cxd4 9. cxd4 Nh6 10. Nc3 Be7 11. 0-0 Ng8 12. Na4 Qa7 13. Be3 f6 14. Ne1 b5 15. Qh5+ Kd8 16. Nc5 Bxc5 17. dxc5 Be8 18. Qh3 fxe5 19. Qxe6 Qd7 20. Qxd7+ Bxd7 21. Nd3 Nf6 22. Rad1 Ke7 23. Rfe1 Rhe8 24. Nxe5 Nxe5 25. Bf4 Kf8 26. Bxe5 Rac8 27. h3 Kg8 28. Bxf6 Rxe1+ 29. Rxe1 gxf6 30. Re7 Rxc5 31. Bxh7+ Kh8 32. Rxd7 Rc1+ 33. Kh2 b4 34. Bf5 bxa3 35. bxa3 Rc3 36. Rxd5 Rxa3 37. Rd7 Ra1 38. Rf7 a4 39. Rxf6 a3 40. Ra6 Ra2 41. Kg3 Ra1 42. Be6 1-0

[Event "Niedersachsen-ch op B"]
[Site "Verden"]
[Date "2018.01.04"]
[Round "1"]
[White "Goes, Carsten"]
[Black "Yang, Markus"]
[Result "1-0"]
[WhiteElo "1634"]
[BlackElo "1454"]
[PlyCount "53"]
[EventDate "2018.01.04"]
[EventType "swiss"]
[EventRounds "7"]
[EventCountry "GER"]
[SourceTitle "EXT 2022"]
[Source "ChessBase"]
[SourceDate "2021.10.06"]
[SourceVersion "1"]
[SourceVersionDate "2021.10.06"]
[SourceQuality "1"]

1. e4 e6 2. d4 d5 3. Nd2 c5 4. c3 Nc6 5. Ngf3 Bd7 6. Bd3 Qb6 7. exd5 exd5 8. dxc5 Bxc5 9. 0-0 Nge7 10. Nb3 Bd6 11. Re1 0-0 12. Be3 Qc7 13. h3 Bf5 14. Bxf5 Nxf5 15. Qxd5 Nxe3 16. Rxe3 Rad8 17. Qh5 Bf4 18. Re2 Qd6 19. Nfd4 Ne5 20. Qf5 Ng6 21. Rae1 h6 22. Nc5 Qb6 23. Nd7 Rxd7 24. Qxd7 Rd8 25. Re8+ Rxe8 26. Rxe8+ Kh7 27. Qxf7 1-0

[Event "Niedersachsen-ch op B"]
[Site "Verden"]
[Date "2018.01.04"]
[Round "2"]
[White "Yang, Markus"]
[Black "Sinnhoefer, Joshua"]
[Result "1-0"]
[WhiteElo "1454"]
[BlackElo "1561"]
[PlyCount "39"]
[EventDate "2018.01.04"]
[EventType "swiss"]
[EventRounds "7"]
[EventCountry "GER"]
[SourceTitle "EXT 2022"]
[Source "ChessBase"]
[SourceDate "2021.10.06"]
[SourceVersion "1"]
[SourceVersionDate "2021.10.06"]
[SourceQuality "1"]

1. e4 e5 2. Nf3 Nc6 3. d4 exd4 4. Nxd4 Bc5 5. Be3 Qh4 6. Nc3 Bb4 7. Bd3 Nxd4 8. Bxd4 Nf6 9. 0-0 0-0 10. Bxf6 gxf6 11. Nd5 Bd6 12. g3 Qh6 13. Ne3 Bc5 14. Qg4+ Qg6 15. Nd5 c6 16. Nxf6+ Kh8 17. Qh4 Qg7 18. e5 h6 19. Ng4 d6 20. Nxh6 1-0

[Event "Hannover Bezirk-ch U18"]
[Site "Lehrte"]
[Date "2017.10.29"]
[Round "4.3"]
[White "Kiesel, Lucas"]
[Black "Yang, Markus"]
[Result "1-0"]
[WhiteElo "1821"]
[BlackElo "1505"]
[PlyCount "71"]
[EventDate "2017.10.28"]
[EventType "tourn"]
[EventRounds "7"]
[EventCountry "GER"]
[SourceTitle "EXT 2022"]
[Source "ChessBase"]
[SourceDate "2021.10.06"]
[SourceVersion "1"]
[SourceVersionDate "2021.10.06"]
[SourceQuality "1"]

1. d4 Nf6 2. c4 e6 3. Nf3 c5 4. Nc3 b6 5. Bf4 Be7 6. Nb5 Na6 7. g3 0-0 8. Bg2 d5 9. 0-0 Nh5 10. Bd2 Bd7 11. Ne5 Bxb5 12. cxb5 Nc7 13. Nc6 Qe8 14. Nxe7+ Qxe7 15. dxc5 Qxc5 16. Rc1 Qe7 17. Qb3 Qd7 18. Rc6 a6 19. a4 axb5 20. axb5 Rfc8 21. Rfc1 Rab8 22. Qc2 Rb7 23. e4 Nf6 24. Bf4 Nfe8 25. exd5 exd5 26. h4 d4 27. Be4 g6 28. h5 f5 29. Rxg6+ hxg6 30. Bxb7 Rd8 31. Bxc7 d3 32. Qc4+ Kh7 33. Bxd8 d2 34. hxg6+ Kxg6 35. Rd1 Qxd8 36. Qe2 1-0

[Event "Hannover Bezirk-ch U18"]
[Site "Lehrte"]
[Date "2017.10.29"]
[Round "3.3"]
[White "Yang, Markus"]
[Black "Albus, Alexander"]
[Result "1-0"]
[WhiteElo "1505"]
[BlackElo "1197"]
[PlyCount "49"]
[EventDate "2017.10.28"]
[EventType "tourn"]
[EventRounds "7"]
[EventCountry "GER"]
[SourceTitle "EXT 2022"]
[Source "ChessBase"]
[SourceDate "2021.10.06"]
[SourceVersion "1"]
[SourceVersionDate "2021.10.06"]
[SourceQuality "1"]

1. e4 e5 2. Nf3 Nc6 3. d4 exd4 4. Nxd4 Bc5 5. Be3 Qe7 6. Nc3 Nf6 7. Nf5 Qf8 8. Bxc5 Qxc5 9. Nxg7+ Kf8 10. Nf5 Nxe4 11. Nxe4 Qxf5 12. Bd3 Qe5 13. 0-0 d5 14. Nc3 Rg8 15. Re1 Qg5 16. Qf3 Ne5 17. Qxd5 Qxg2+ 18. Qxg2 Nf3+ 19. Kh1 Rxg2 20. Kxg2 Nxe1+ 21. Rxe1 Kg7 22. Nd5 b6 23. Nxc7 Bb7+ 24. Kg3 Rg8 25. Re8 1-0

[Event "Hannover-ch U18"]
[Site "Lehrte"]
[Date "2016.10.02"]
[Round "4"]
[White "Heise, Tobias"]
[Black "Yang, Markus"]
[Result "1-0"]
[WhiteElo "1755"]
[BlackElo "1483"]
[PlyCount "113"]
[EventDate "2016.10.01"]
[EventType "swiss"]
[EventRounds "7"]
[EventCountry "GER"]
[SourceTitle "EXT 2020"]
[Source "ChessBase"]
[SourceDate "2019.10.17"]
[SourceVersion "1"]
[SourceVersionDate "2019.10.17"]
[SourceQuality "1"]

1. d4 d5 2. Nf3 Nc6 3. Bf4 Bf5 4. e3 Nf6 5. c3 g6 6. Bb5 Qd7 7. Ne5 Qe6 8. Qa4 Nd7 9. Nxc6 bxc6 10. Bxc6 Rd8 11. Bxc7 Rc8 12. Bxd7+ Qxd7 13. Qxd7+ Bxd7 14. Bf4 Bb5 15. Kd2 Bg7 16. a4 Bc4 17. Kc2 Kd7 18. Na3 Be2 19. h3 Rc6 20. Nb5 a6 21. Na3 Rhc8 22. Rhe1 Bc4 23. Nxc4 Rxc4 24. Kd3 f5 25. h4 R8c6 26. Rec1 a5 27. b3 Rb6 28. bxc4 dxc4+ 29. Kxc4 Rb2 30. Rf1 Kc6 31. Rab1 Ra2 32. Kb3 Re2 33. Bg3 e6 34. Rfe1 Rxe1 35. Rxe1 h5 36. Kc4 Bf6 37. Rb1 g5 38. hxg5 Bxg5 39. Rh1 Be7 40. Rxh5 Kd7 41. Rh7 Ke8 42. Kb5 Bd8 43. Kc6 Be7 44. Bc7 Bf6 45. Kd6 Kf8 46. Bxa5 Kg8 47. Rd7 Bg7 48. c4 Kh7 49. c5 Kg6 50. c6 Kf6 51. Bd8+ Kg6 52. c7 Bf8+ 53. Be7 Bxe7+ 54. Rxe7 Kf6 55. c8Q Kg6 56. Qg8+ Kf6 57. Rf7# 1-0

[Event "Hannover-ch U16/18"]
[Site "Lehrte"]
[Date "2015.10.30"]
[Round "4"]
[White "Kiesel, Lucas"]
[Black "Yang, Markus"]
[Result "1-0"]
[WhiteElo "1712"]
[BlackElo "1387"]
[PlyCount "37"]
[EventDate "2015.10.29"]
[EventType "swiss"]
[EventRounds "7"]
[EventCountry "GER"]
[SourceTitle "EXT 2021"]
[Source "ChessBase"]
[SourceDate "2020.10.23"]
[SourceVersion "1"]
[SourceVersionDate "2020.10.23"]
[SourceQuality "1"]

1. Nf3 Nf6 2. g3 d5 3. Bg2 Bf5 4. 0-0 c5 5. d4 e6 6. c4 Nc6 7. cxd5 Nxd5 8. Nc3 Nxc3 9. bxc3 Bd6 10. Ba3 Qb6 11. Nd2 Na5 12. Qa4+ Ke7 13. e4 e5 14. exf5 Rab8 15. Ne4 Rhc8 16. Nxd6 Kxd6 17. dxc5+ Rxc5 18. Rfd1+ Kc7 19. Qd7# 1-0

[Event "Hannover-ch U16/18"]
[Site "Lehrte"]
[Date "2015.10.30"]
[Round "3"]
[White "Yang, Markus"]
[Black "Grenz, Maximilian"]
[Result "1-0"]
[WhiteElo "1387"]
[BlackElo "1088"]
[PlyCount "59"]
[EventDate "2015.10.29"]
[EventType "swiss"]
[EventRounds "7"]
[EventCountry "GER"]
[SourceTitle "EXT 2021"]
[Source "ChessBase"]
[SourceDate "2020.10.23"]
[SourceVersion "1"]
[SourceVersionDate "2020.10.23"]
[SourceQuality "1"]

1. d4 d5 2. Nf3 e6 3. c4 Nf6 4. Bf4 c5 5. e3 Nc6 6. Nbd2 cxd4 7. exd4 Bb4 8. Bd3 dxc4 9. Bxc4 0-0 10. a3 Bxd2+ 11. Qxd2 b6 12. 0-0 Bb7 13. Rad1 Na5 14. Be2 Bd5 15. Ne5 Rc8 16. Rc1 Rxc1 17. Rxc1 Qc8 18. Qe3 Qb7 19. Qg3 Nh5 20. Bxh5 g6 21. Bh6 Rc8 22. Qf4 f5 23. Qg5 Nc6 24. Nf3 Qd7 25. Re1 Bxf3 26. Bxf3 Nxd4 27. Qf6 Nxf3+ 28. gxf3 Re8 29. Rxe6 Qf7 30. Rxe8+ 1-0